Statistics for Historical Middle Names Quiz

Click here to take the quiz!

General Stats

  • This quiz has been taken 43,558 times
  • The average score is 14 of 27

Answer Stats

Name % Correct
Martin {Luther} King
100%
Edgar {Allan} Poe
90%
Wolfgang {Amadeus} Mozart
80%
Johann {Sebastian} Bach
75%
John {Wilkes} Booth
72%
Arthur {Conan} Doyle
69%
Franklin {Delano} Roosevelt
69%
Hans {Christian} Andersen
69%
John {Fitzgerald} Kennedy
61%
Billie {Jean} King
60%
Hillary {Rodham} Clinton
57%
Ralph {Waldo} Emerson
56%
Robert {Louis} Stevenson
53%
Harriet {Beecher} Stowe
50%
Francis {Scott} Key
49%
Henry {David} Thoreau
48%
George {Walker} Bush
43%
William {Henry} Harrison
42%
Thomas {Alva} Edison
39%
Laura {Ingalls} Wilder
37%
Boutros {Boutros}-Ghali
37%
Jackie {Joyner}-Kersee
30%
William {Jefferson} Clinton
30%
John {Paul} Jones
27%
Gabriel {Garcia} Marquez
26%
John {Jacob} Astor
23%
William {Jennings} Bryan
22%

Score Distribution

Percentile by Number Answered

Percent of People with Each Score

Your Score History

You have not taken this quiz